| 000 | 00459cam a2200157 a 4500 | ||
|---|---|---|---|
| 020 | _a0675200210 | ||
| 082 | 0 | 0 |
_a551 _bFOS |
| 100 | 1 |
_aFoster, Robert J. _940254 |
|
| 245 | 1 | 0 |
_aPhysical geology _cRobert J. Foster. |
| 250 | _a4th ed. | ||
| 260 |
_aColumbus : _bC.E. Merrill Pub. Co., _cc1983. |
||
| 300 |
_axiii, 432 p. : _bill. (some col.) ; _c29 cm. |
||
| 526 |
_a0 _b0 _c0 _d551_000000000000000_FOS |
||
| 650 | 0 |
_aPhysical geology. _938587 |
|
| 942 |
_2ddc _cBK |
||
| 999 |
_c554214 _d554214 |
||